000 00721nam a2200241Ia 4500
003 OSt
005 20221005074453.0
006 a|||||r|||| 00| 0
007 ta
008 221004b |||||||| |||| 00| 0 urd d
020 _c200
024 _a31982
037 _b5722/13, 09/03/2010, Modern Publishing House
_cTextual
040 _aCRL
_cCRL
_burd
041 _2urd
_aurd
082 _aO168,4N42x, N9
100 _aHussain Saliha Abid Au.
245 0 _aAawaz-e-dost
260 _aNew Delhi
_bMaktaba jadeed India
_c1999
650 _aURDU LETTERS
942 _hO168,4N42x, N9
_cTEXL
_2cc
999 _c982756
_d982756